| 000 | 00588nam a2200241 a 4500 | ||
|---|---|---|---|
| 001 | nice12345678 | ||
| 003 | IN_TiNIC | ||
| 005 | 20260116011416.0 | ||
| 008 | 050524s1895 teha grp 000 0 per | ||
| 020 |
_a _c100 |
||
| 082 | 0 | 0 |
_a181.07 _bAML |
| 100 | _aAmli, Md Bil Mahmood | ||
| 245 | _aNafaesul Fonoon Fi Araesul Oyun | ||
| 260 |
_aTehran _bNo Publisher _c1895 |
||
| 300 | _a272p | ||
| 500 | _aincludes index and biblioraphy | ||
| 505 | 2 | _aarchives | |
| 650 | _aPhilosophy-Islamic | ||
| 700 | 1 | _aAmli, Md Bil Mahmood | |
| 902 | _bRBA | ||
| 942 | _cBK | ||
| 999 |
_c1277 _d1277 |
||